Julius Caesar / (Record no. 140938)

MARC details
000 -LEADER
fixed length control field 00575nam a22001937a 4500
005 - DATE AND TIME OF LATEST TRANSACTION
control field 20170630143544.0
010 ## - LCCN (DPL NO)
LC control number ENG-118592
020 ## - INTERNATIONAL STANDARD BOOK NUMBER
International Standard Book Number 97881203533268
Terms of availability 225.00
035 ## - SYSTEM CONTROL NUMBER
System control number EN-102124
037 ## - SOURCE OF ACQUISITION
Source of stock number/acquisition DABD/PUB
082 ## - DEWEY DECIMAL CLASSIFICATION NUMBER
Classification number 882
100 ## - MAIN ENTRY--PERSONAL NAME
Personal name Shakespeare, William
245 ## - TITLE STATEMENT
Title Julius Caesar /
Statement of responsibility, etc by William shakespeare ; introduction by Zinia Mitra
260 ## - PUBLICATION, DISTRIBUTION, ETC. (IMPRINT)
Place of publication, distribution, etc Delhi
Name of publisher, distributor, etc PHI Learning
Date of publication, distribution, etc 2017
270 ## - ADDRESS
Address 111, Patparganj Industrial Estate
City Delhi
Postal code 110092
300 ## - PHYSICAL DESCRIPTION
Extent iii,240p.
Dimensions 21cm(pbk)
700 ## - ADDED ENTRY--PERSONAL NAME
Personal name Mitra, Zinia
942 ## - ADDED ENTRY ELEMENTS (KOHA)
Source of classification or shelving scheme Dewey Decimal Classification
Item type English Books
Classification part 882
Call number suffix SHA
Holdings
Withdrawn status Lost status Not for loan Collection code Home library Current library Date acquired Source of acquisition Cost, normal purchase price Full call number Barcode Copy number Cost, replacement price Koha item type
    Not For Loan Non-fiction D.B.Act.Division Bawana 09/06/2017 DBAD/PUB 225.00 882 SHA EN-102124 1 225.00 English Books

© Delhi Public Library
Hit Counter
free hit counter